[Event "POL-chT 2nd League"]
[Site "Szczyrk"]
[Date "2014.09.07"]
[Round "2.72"]
[White "Chmiel, Dominika"]
[Black "Paprocka, Renata"]
[Result "1-0"]
[WhiteElo "2172"]
[BlackElo "1985"]
[PlyCount "117"]
[EventDate "2014.09.06"]
[EventType "team-swiss"]
[EventRounds "9"]
[EventCountry "POL"]
[SourceTitle "EXT 2015"]
[Source "ChessBase"]
[SourceDate "2014.11.20"]
[SourceVersion "1"]
[SourceVersionDate "2014.11.20"]
[SourceQuality "1"]
[WhiteTeam "Chroscice LZS Victoria"]
[BlackTeam "Bydgoszcz Wiartrak"]
[WhiteTeamCountry "POL"]
[BlackTeamCountry "POL"]

1. e4 c5 2. Nf3 d6 3. d4 cxd4 4. Nxd4 Nf6 5. Nc3 g6 6. f3 Bg7 7. Be3 Nc6 8. Qd2 Nxd4 9. Bxd4 0-0 10. Bc4 Qa5 11. 0-0-0 Be6 12. Bb3 Rfc8 13. Kb1 Bxb3 14. cxb3 Rc6 15. g4 Rac8 16. h4 h5 17. Qg5 e5 18. Bf2 Ra6 19. a3 Rxc3 20. Be1 Rac6 21. Bxc3 Rxc3 22. Qd2 hxg4 23. Qxc3 Qxc3 24. bxc3 gxf3 25. Rhe1 f2 26. Re2 Ng4 27. Rf1 Bf6 28. h5 Bh4 29. hxg6 fxg6 30. Kc2 Kf7 31. Kd3 Ke6 32. c4 Kf6 33. Rd2 Ke6 34. Ke2 Nf6 35. Kf3 g5 36. Rdxf2 g4+ 37. Ke3 Bg5+ 38. Kd3 g3 39. Rxf6+ Bxf6 40. Rg1 Bh4 41. Ke2 a6 42. Kf3 b5 43. cxb5 axb5 44. Rd1 Bg5 45. Rd5 Bc1 46. a4 bxa4 47. bxa4 Kd7 48. Kxg3 Be3 49. Kg4 Kc6 50. Kf5 Kd7 51. a5 Kc6 52. Ke6 Bc5 53. Rd1 Kb5 54. Rxd6 Kxa5 55. Rd5 Kb6 56. Rxc5 Kxc5 57. Kxe5 Kc6 58. Ke6 Kc7 59. Ke7 1-0